Biológiai markerek vizsgálata krónikus alkoholizmusban II. Limfociták β-adrenerg-receptor működése [Biological markers in chronic alcoholism: II. Beta-adrenergic receptor activity of lymphocytes] /

Elmentve itt :
Bibliográfiai részletek
Szerzők: Rimanóczy Ágnes
Kálmán János
Szekeres György
Boda Krisztina
Janka Zoltán
Dokumentumtípus: Cikk
Megjelent: 1991
Sorozat:IDEGGYOGYASZATI SZEMLE / CLINICAL NEUROSCIENCE 44 No. 7
Tárgyszavak:
mtmt:1313609
Online Access:http://publicatio.bibl.u-szeged.hu/32396
LEADER 00962nab a2200241 i 4500
001 publ32396
005 20250404100026.0
008 250404s1991 hu o 000 hun d
022 |a 0019-1442 
024 7 |a 1313609  |2 mtmt 
040 |a SZTE Publicatio Repozitórium  |b hun 
041 |a hun 
100 1 |a Rimanóczy Ágnes 
245 1 0 |a Biológiai markerek vizsgálata krónikus alkoholizmusban  |h [elektronikus dokumentum] :  |b II. Limfociták β-adrenerg-receptor működése [Biological markers in chronic alcoholism: II. Beta-adrenergic receptor activity of lymphocytes] /  |c  Rimanóczy Ágnes 
260 |c 1991 
300 |a 310-317 
490 0 |a IDEGGYOGYASZATI SZEMLE / CLINICAL NEUROSCIENCE  |v 44 No. 7 
650 4 |a Klinikai orvostan 
700 0 1 |a Kálmán János  |e aut 
700 0 1 |a Szekeres György  |e aut 
700 0 1 |a Boda Krisztina  |e aut 
700 0 1 |a Janka Zoltán  |e aut 
856 4 0 |u http://publicatio.bibl.u-szeged.hu/32396/1/aok_klny_674_91.pdf  |z Dokumentum-elérés